|
|
|
|
| LEADER |
00000nab a2200000 a 4500 |
| 001 |
vtls001030164 |
| 003 |
SK-MaSNL |
| 005 |
20260303192428.0 |
| 008 |
040720e20020214xo 0 slo |
| 035 |
|
|
|a SL8718
|
| 040 |
|
|
|a SLLK
|b slo
|c SLLK
|e AACR2
|
| 041 |
0 |
|
|a slo
|
| 044 |
|
|
|a xo
|c SK
|
| 080 |
|
|
|a 796.325
|2 1981
|
| 100 |
1 |
|
|a Hreško, Mikuláš
|4 aut
|9 753537
|
| 245 |
1 |
0 |
|a Viazla súhra juniorov
|
| 610 |
2 |
7 |
|a ŠKM Pienstav Stará Ľubovňa
|2 SLLK
|9 1222830
|
| 611 |
1 |
7 |
|a majstrovstvá krajské
|2 SLLK
|9 1023608
|
| 650 |
0 |
7 |
|a volejbal
|2 SLLK
|9 3294
|
| 650 |
0 |
7 |
|a juniori
|2 SLLK
|9 838750
|
| 650 |
0 |
7 |
|a zápasy
|2 SLLK
|9 880005
|
| 651 |
|
7 |
|a Stará Ľubovňa (Slovensko)
|2 SLLK
|9 19193
|
| 651 |
|
7 |
|a Prešov (Slovensko)
|2 SLLK
|9 17347
|
| 651 |
|
7 |
|a SL,
|2 SLLK
|9 1022390
|
| 655 |
|
7 |
|a periodikum
|2 snkbucl
|9 29553
|
| 710 |
2 |
|
|a ŠKM PIENSTAV (Stará Ľubovňa, Slovensko)
|4 aut
|9 1222831
|
| 773 |
0 |
8 |
|t Ľubovnianske noviny
|g Roč. 28, č.7, 14.2.2002, s. 4
|
| 852 |
|
|
|a ZVYKNI
|b KIS3GCP
|
| 999 |
|
|
|c 2146151
|d 2148081
|